Online Catalogue and eLibrary

Capital accumulation and women's labour in Asian economies (Record no. 2592)

MARC details
000 -LEADER
fixed length control field 00451nam a2200181Ia 4500
005 - DATE AND TIME OF LATEST TRANSACTION
control field 20240419015254.0
008 - FIXED-LENGTH DATA ELEMENTS--GENERAL INFORMATION
fixed length control field 240331s9999 xx 000 0 und d
020 ## - INTERNATIONAL STANDARD BOOK NUMBER
ISBN 8170366445
082 ## - DDC Classification
Item Number - Author Mark CUS
Class No. 331.4
100 ## - MAIN ENTRY--PERSONAL NAME
Personal name Custers, Peter
245 #0 - TITLE STATEMENT
Title Capital accumulation and women's labour in Asian economies
250 ## - EDITION STATEMENT
Edition statement 1st
260 ## - PUBLICATION, DISTRIBUTION, ETC.
Place of publication, distribution, etc. London :
Name of publisher, distributor, etc. Zed books /
Date of publication, distribution, etc. 1997.
300 ## - PHYSICAL DESCRIPTION
Extent (e.g. Volumes, Pages etc.) 401 p .,
650 ## - SUBJECT ADDED ENTRY--TOPICAL TERM
Topical term or geographic name entry element Women
650 ## - SUBJECT ADDED ENTRY--TOPICAL TERM
Topical term or geographic name entry element Economics
942 ## - Koha item type (Biblio)
Koha item type Books in Stacks (Lending)
Holdings
Lost status Damaged status Collection code Home library Current library Shelving location Date acquired Full call number Accession Number Item type
    Lending WERC Library WERC Library Social Science Cupboard 03/31/2024 331.4 CUS 2508 Books in Stacks (Lending)

© WERC Library